000 01188nam a2200277Ia 4500
003 OSt
005 20220918110947.0
006 a|||||r|||| 00| 0
007 ta
008 220915b |||||||| |||| 00| 0 hin d
020 _a8181435109 (hbk)
_c6000
024 _a254581
037 _b513, 08/03/2010, Vani Prakashan
_cReference Collections
040 _aARTS
_cARTS
_bhin
041 _2hin
_ahin
082 _aO152,6M94x, P7.1-.8 (RR)
100 _aबख्शी, पदुमलाल पुन्नालाल
245 0 _aबख्शी ग्रंथावली
246 _aBakhshī granthāvalī
260 _aनई दिल्ली
_bवाणी प्रकाशन भारत
_c2007
490 _vखण्ड 1
650 _aहिन्दी साहित्य
700 _a श्रीवास्तव, नलिनी, संपा.
942 _hO152,6M94x, P7.1-.8 (RR)
_cREF
999 _c116019
_d116019